ბათუმის შოთა რუსთაველის სახელმწიფო უნივერსიტეტის ბიბლიოთეკა

ორი პოემა. (ბიბ.ჩანაწერი № 41834)

000 -LEADER
fixed length control field 00705nam a2200229Ia 4500
001 - CONTROL NUMBER
control field 8517
003 - CONTROL NUMBER IDENTIFIER
control field GE_BSU
008 - FIXED-LENGTH DATA ELEMENTS--GENERAL INFORMATION
fixed length control field 181216s||||||||xx |||||||||||||| ||und||
040 ## - CATALOGING SOURCE
Transcribing agency GE_BSU
080 ## - UNIVERSAL DECIMAL CLASSIFICATION NUMBER
Universal Decimal Classification number 821.353.1-11
100 ## - MAIN ENTRY--PERSONAL NAME
Personal name ვაკელი,იონა.
245 ## - TITLE STATEMENT
Title ორი პოემა.
245 ## - TITLE STATEMENT
Remainder of title პოემა საბჭოთა დღეებზე;ევროპა.
260 ## - PUBLICATION, DISTRIBUTION, ETC.
Place of publication, distribution, etc. ტფილისი.
260 ## - PUBLICATION, DISTRIBUTION, ETC.
Name of publisher, distributor, etc. სახელგამის გა-მა
260 ## - PUBLICATION, DISTRIBUTION, ETC.
Date of publication, distribution, etc. 1934.
300 ## - PHYSICAL DESCRIPTION
Extent 101გვ;18სმ.
653 ## - INDEX TERM--UNCONTROLLED
Uncontrolled term ევროპა.
653 ## - INDEX TERM--UNCONTROLLED
Uncontrolled term პოემა
653 ## - INDEX TERM--UNCONTROLLED
Uncontrolled term პოემა საბჭოთა დღეებზე
942 ## - ADDED ENTRY ELEMENTS (KOHA)
Koha item type წიგნი
ეგზემპლარები
Withdrawn status Lost status Damaged status Not for loan Date acquired Barcode Date last seen Price effective from Koha item type
        2018-12-17 30654 2018-12-17 2018-12-17 წიგნი
        2018-12-17 30655 2018-12-17 2018-12-17 წიგნი